| 000 | 00989nam a22001937a 4500 | ||
|---|---|---|---|
| 005 | 20250122151804.0 | ||
| 010 | _aHIN-129303 | ||
| 020 |
_a9788123797861 _c300.00 |
||
| 035 | _aHN-101649 | ||
| 037 | _bDBAD | ||
| 082 | _a425 | ||
| 100 |
_aवर्मा, विमलेश कांति _976868 |
||
| 245 |
_aसरनामी हिंदी: _cहिंदी का विश्व फलक / _bविमलेश कांति वर्मा और भावना सक्सेना |
||
| 260 |
_aनई दिल्ली _bराष्ट्रीय पुस्तक न्यास _c2021 |
||
| 270 |
_aनेहरु भवन, 5 इंस्टीट्यूटशनल एरिया, फेज-II, वसंत कुंज _bनई दिल्ली _e110070 |
||
| 300 |
_a262पृ. _c20 सेमी (अजिल्द ) |
||
| 700 |
_aसक्सेना, भावना _976869 |
||
| 942 |
_2ddc _cHN _h425 _mवर्मावि |
||
| 999 |
_c208675 _d208675 |
||